000 00618nam a22001697a 4500
003 BD-DhUL
005 20160830101529.0
008 160830b xxu||||| |||| 00| 0 eng d
040 _cBD-DhUL
082 _a922
_bKUM
100 _aব্রহ্মচারী, কুলদানন্দ
245 _aনীলকন্ঠ :
_b২য় খন্ড /
_cব্রহ্মচারী, কুলদানন্দ
260 _aকলকাতা :
_bব্রহ্মচারী,
_c১৯৩৭.
300 _aখন্ড ;
_c২২ সেমি.
650 _aইতিহাস
_vHistory
942 _2ddc
_cBK
999 _c102704
_d102704